Normal view
MARC view
- Venkatesan B
Entry Personal Name
001 - CONTROL NUMBER
- control field: 215111
003 - CONTROL NUMBER IDENTIFIER
- control field: OSt
005 - DATE AND TIME OF LATEST TRANSACTION
- control field: 20251119160706.0
008 - FIXED-LENGTH DATA ELEMENTS
- fixed length control field: 251119|| aca||aabn | a|a d
040 ## - CATALOGING SOURCE
- Original cataloging agency: OSt
- Transcribing agency: OSt
100 ## - HEADING--PERSONAL NAME
- Personal name: Venkatesan B
670 ## - SOURCE DATA FOUND
- Source citation: Work cat.: (OSt)367373: Venkatesan B., Textbook of Nursing Foundation I & II (Volume-I), 2025